00318nam a2200121Ia 4500008004100000041000800041082001400049100002100063245003400084260003500118300003200153365001100185240624s9999 xx 000 0 und d aeng a332.1 KID aKIDWAI NAINA LAL aCONTEMPORARY BANKING IN INDIA c2012aNew DelhibBusinessworld axxiv, : 320 : p. : cm. ; 22 cRSb35